Wacken Open Air Acts - Sudden Death - Statistics

General Stats
  • This quiz has been taken 43 times
  • The average score is 8 of 19
Answers on the Grid
Answers color-coded by a green-red scale on the quiz's grid according to % correct below.
Alice Cooper
Anthrax
Audioslave
Avenged Sevenfold
Black Sabbath
Burzum
Darkthrone
Faith No More
Ghost
Guns N' Roses
Helloween
Iron Maiden
Judas Priest
Kiss
Machine Head
Megadeth
Metallica
Motörhead
Nightwish
Ozzy Osbourne
Pantera
Poison
Powerwolf
Public Enemy
Rage Against the Machine
Saxon
Scorpions
Slayer
Slipknot
System of a Down
U2
Whitesnake
 
Answer Stats
Answer % Correct
Alice Cooper
67%
Anthrax
62%
Guns N' Roses
48%
Iron Maiden
48%
Megadeth
48%
Avenged Sevenfold
43%
Ghost
43%
Helloween
43%
Judas Priest
43%
Slipknot
43%
Motörhead
38%
Ozzy Osbourne
38%
Powerwolf
38%
Scorpions
38%
Machine Head
33%
Nightwish
33%
Saxon
33%
Slayer
29%
Whitesnake
24%
No matching quizzes found
Score Distribution
Percent of People with Each Score
Percentile by Number Answered
Your Score History
You have not taken this quiz